Discurso del Cro. Alberto Salom Secretario General del P.S.C. en el acto de celebración, abril-1982

Guardat en:
Dades bibliogràfiques
Autor corporatiu: Partido Socialista Costarricense
Format: Text
Publicat: San José: Partido Socialista Costarricense
Etiquetes: Afegir etiqueta
Sense etiquetes, Sigues el primer a etiquetar aquest registre!

MARC

LEADER 00000 a a2200000 04500
001 20819
003
040
090 |a 089000  
110 |a Partido Socialista Costarricense  
245 |a Discurso del Cro. Alberto Salom Secretario General del P.S.C. en el acto de celebración, abril-1982  
260 |a San José:   |b Partido Socialista Costarricense  
300 |a 22 p.  
999 |c 13176  |d 13176